| 000 | 00591nam a2200217Ia 4500 | ||
|---|---|---|---|
| 008 | 200601s9999 xx 000 0 und d | ||
| 020 | _a981-261-130-4 | ||
| 050 | _aREF DS 721 | ||
| 050 | _b.W45 2005 | ||
| 100 | _aWeiner, Rebecca. | ||
| 245 | 0 | _aCultureshock! : | |
| 245 | 0 | _bShanghai / | |
| 245 | 0 | _cRebecca Weiner, Angie Eagan, Xu Jun. | |
| 260 | _aSingapore : | ||
| 260 | _bMarshall Cavendish Editions, | ||
| 260 | _c2006 | ||
| 300 | _a332 pages : | ||
| 300 | _billustrations (some color) ; | ||
| 300 | _c22 cm. | ||
| 500 | _aIncludes bibliographical references and index. | ||
| 999 |
_c363306 _d363306 |
||